000 00530nam a2200181Ia 4500
008 090124s9999 xx 000 0 und d
082 _b24403
_a2525
100 _aपंडित बाळ ज.
245 _a दि लिटल मास्टर
250 _a1
260 _c1984
300 _a152+22
600 _aपंडित बाळ ज.
630 _a दि लिटल मास्टर
700 _aपंडित बाळ ज.
730 _a दि लिटल मास्टर
942 _cBOOK
999 _c137963
_d137963